| 000 | 01346cam a2200289 i 4500 | ||
|---|---|---|---|
| 003 | SA-RiAUC | ||
| 005 | 20250512081951.0 | ||
| 008 | 250512s2002 su a g 000k0 ara c | ||
| 040 |
_aSA-RiKSU _bara _cSA-RiAUC _erda |
||
| 043 | _aa-su--- | ||
| 050 | 4 | _bQ23 2002 | |
| 082 | 0 | 4 |
_a915.3121 _qSA-RiAUC |
| 090 |
_a915.3121 _b ق ا ض |
||
| 100 | 1 |
_aالقاضي عيد، حنيف الدين بن القاضي محمد، _dتوفي 1143 هجري _eمؤلف. |
|
| 245 | 1 | 0 |
_aرسالة في عمارة العينين : _bعين نعمان وعين حنين / _cحنيف الدين بن القاضي محمد ؛ دراسة وتحقيق ناصر بن علي الحارثي. |
| 250 | _aالطبعة الأولى. | ||
| 264 | 1 |
_aالطائف، السعودية : _bلجنة المطبوعات في التنشيط السياحي، _c2002 |
|
| 300 |
_a123 صفحة : _bإيضاحيات ؛ _c24 سم |
||
| 336 |
_aنص _btxt _2rdacontent _3كتاب |
||
| 337 |
_aبدون وسيط _bn _2rdamedia |
||
| 338 |
_aمجلد _bnc _2rdacarrier |
||
| 650 | 7 |
_aالينابيع _zمكة المكرمة _2aucsh |
|
| 650 | 7 |
_aمصادر المياه _zمكة المكرمة _2aucsh |
|
| 700 | 1 |
_aالحارثي، ناصر بن علي بن عيضة، _d1381-1430 هجري _eمحقق. |
|
| 942 |
_2ddc _cBOOK _n0 |
||
| 949 |
_aSA-JeALM _d250512 _umohamedma123 _n1 |
||
| 999 |
_c7842 _d7842 |
||